[Event "Druzynowe Mistrzostwa Polski Juniorow - Ekstraliga"]
[Site "Sypniewo k. Jastrowia"]
[Date "2024-06-17"]
[Round "7.24"]
[White "Ejsymont, Blanka"]
[Black "Rusiecki, Katarzyna"]
[Result "1-0"]
[WhiteTitle "WCM"]
[BlackTitle "I++"]
[WhiteElo "1772"]
[BlackElo "1744"]

1. e4 2. e6 3. d4 4. d5 5. Nd2 6. c5 7. exd5 8. Qxd5 9. Ngf3 10. cxd4 11. Bc4 12.
Qd7 13. O-O 14. Nc6 15. Nb3 16. Nf6 17. Nbxd4 18. Nxd4 19. Nxd4 20. a6 21. a4
22. Bc5 23. Be3 24. Qc7 25. Qe2 26. e5 27. Nf3 28. Bxe3 29. fxe3 30. e4 31. Nd2
32. O-O 33. Rf4 34. Qe5 35. Raf1 36. Bd7 37. Bb3 38. b5 39. axb5 40. axb5 41.
c3 42. Rae8 43. Bc2 44. Qd5 45. Rd1 46. Qb7 47. Nb3 48. Re5 49. Rd4 50. Bf5 51.
Qd1 52. Bg6 53. Qd2 54. h6 55. Na5 56. Qa8 57. c4 58. b4 59. Nb3 60. Rb8 61. Rf1
62. Qc6 63. c5 64. Qe6 65. Rxb4 66. Re8 67. Nd4 68. Qg4 69. c6 70. Nd5 71. Rb7
72. Qc8 73. Bb3 74. Ne7 75. Ba4 76. Rf8 77. Rc1 78. Nd5 79. b4 80. Rg5 81. Bb3
82. Nf6 83. Nb5 84. Qg4 85. c7 86. Bf5 87. Nd6 88. Bc8 89. Nxc8 90. Rxc8 91. Rb8
92. Kh7 93. Bd1 94. Qe6 95. Be2 96. Nd5 97. Rxc8 98. Qh3 99. Rh8+ 100. Kg6 101.
Bh5+ 102. Kxh5 103. c8=Q 1-0

[Event "Druzynowe Mistrzostwa Polski Juniorow - Ekstraliga"]
[Site "Sypniewo k. Jastrowia"]
[Date "2024-06-17"]
[Round "7.25"]
[White "Demski, Michal"]
[Black "Fiszer, Bartosz"]
[Result "0-1"]
[WhiteTitle "k"]
[BlackTitle "CM"]
[WhiteElo "2176"]
[BlackElo "2275"]

1. e4 2. c5 3. c3 4. g6 5. d4 6. d6 7. Be3 8. Nf6 9. Nd2 10. Qc7 11. h3 12. Bg7
13. Ngf3 14. O-O 15. Bd3 16. b6 17. O-O 18. e5 19. b4 20. exd4 21. cxd4 22. cxb4
23. Rc1 24. Qd8 25. Qb3 26. a5 27. Bg5 28. h6 29. Bh4 30. g5 31. Bg3 32. Bb7 33.
Rfe1 34. Nh5 35. Bh2 36. Nc6 37. Be2 38. Nf4 39. Bxf4 40. gxf4 41. Qd5 42. Rc8
43. Nc4 44. Ba8 45. Qxd6 46. Nxd4 47. Qxf4 48. Nxe2+ 49. Rxe2 50. b5 51. Nce5
52. Bxe5 53. Nxe5 54. Qg5 55. Qxg5+ 56. hxg5 57. Rxc8 58. Rxc8 59. f3 60. Kg7
61. Rd2 62. Rc5 63. Ng4 64. Rc3 65. Rb2 66. Bc6 67. Kf2 68. a4 69. Ne3 70. b3
71. axb3 72. a3 73. Rc2 74. Rxb3 75. Rxc6 76. a2 77. Ra6 78. Rb2+ 79. Kg3 80.
b4 81. Nf5+ 82. Kh7 83. Ra7 84. b3 85. Rxf7+ 86. Kg8 87. Ra7 88. Rd2 89. Ne3 90.
Rd3 91. Ng4 92. Rd1 93. Rb7 94. a1=Q 95. Rxb3 96. Qc1 97. Nf6+ 98. Kf7 99. Nd5
100. Rd2 101. Rb7+ 102. Ke6 103. Rb6+ 104. Ke5 105. Rg6 106. Ra2 107. Kh2 108.
Qd2 109. f4+ 110. gxf4 111. Rg5+ 112. Kd4 113. Nf6 114. Qf2 0-1

[Event "Druzynowe Mistrzostwa Polski Juniorow - Ekstraliga"]
[Site "Sypniewo k. Jastrowia"]
[Date "2024-06-17"]
[Round "7.26"]
[White "Bartodziej, Bartosz"]
[Black "Madej, Marek"]
[Result "0-1"]
[WhiteTitle "I++"]
[BlackTitle "I++"]
[WhiteElo "2015"]
[BlackElo "2152"]

1. e4 2. c5 3. Nf3 4. e6 5. d4 6. cxd4 7. Nxd4 8. Nc6 9. Nc3 10. Qc7 11. Be2 12.
Nf6 13. O-O 14. Be7 15. Be3 16. d6 17. f4 18. O-O 19. Qe1 20. Nxd4 21. Bxd4 22.
e5 23. Be3 24. b6 25. Qg3 26. Bb7 27. Bf3 28. Bc6 29. Rad1 30. Rfe8 31. Rd2 32.
b5 33. Nd5 34. Bxd5 35. exd5 36. Rad8 37. Kh1 38. Bf8 39. h4 40. Qc4 41. Rfd1
42. Qxa2 43. fxe5 44. Rxe5 45. Bd4 46. Ne4 47. Bxe4 48. Rxe4 49. b3 50. Qa5 51.
h5 52. Qc7 53. Rf1 54. Qd7 55. Rf4 56. Rxf4 57. Qxf4 58. Re8 59. Rf2 60. Re1+
61. Kh2 62. Qe7 63. Qg3 64. Re4 65. Bf6 66. Qd7 67. Bb2 68. g6 69. hxg6 70. hxg6
71. Qc3 72. Rh4+ 73. Kg1 74. Rh7 75. Qe3 76. Qg4 77. Rf3 78. Qh5 79. Qd3 80. Qh1+
81. Kf2 82. Qh4+ 83. Kg1 84. Qe1+ 85. Rf1 86. Qe8 87. c4 88. bxc4 89. bxc4 90.
a5 91. Bc3 92. a4 93. Re1 94. Qd8 95. Bd4 96. Qh4 97. Re4 98. Qh1+ 99. Kf2 100.
Qc1 101. Qe2 102. a3 103. Be3 104. Qb1 105. Bd4 106. a2 107. Qe1 108. Rh1 109.
Qd2 110. Qxe4 0-1

[Event "Druzynowe Mistrzostwa Polski Juniorow - Ekstraliga"]
[Site "Sypniewo k. Jastrowia"]
[Date "2024-06-17"]
[Round "7.27"]
[White "Perucki, Maciej"]
[Black "Niezhentsev, Kyrylo"]
[Result "1-0"]
[WhiteTitle "I"]
[BlackTitle "I++"]
[WhiteElo "1878"]
[BlackElo "2140"]

1. d4 2. Nf6 3. c4 4. e6 5. Nf3 6. b6 7. a3 8. Ba6 9. Qc2 10. Bb7 11. Nc3 12. d5
13. cxd5 14. exd5 15. Qa4+ 16. c6 17. Bg5 18. Be7 19. e3 20. O-O 21. Bd3 22. h6
23. Bh4 24. Nbd7 25. O-O 26. c5 27. Qc2 28. Rc8 29. Rad1 30. Re8 31. dxc5 32.
bxc5 33. Bf5 34. Rb8 35. Bg3 36. Rc8 37. Ne5 38. Nxe5 39. Bxe5 40. Rc6 41. Rd2
42. Qa8 43. Rfd1 44. d4 45. Nb5 46. a6 47. Nc7 48. Rxc7 49. Bxc7 50. Bxg2 51.
exd4 52. Bh1 53. Bh3 54. Be4 55. Qa4 56. Nd5 57. Bg3 58. Bg5 59. Re2 60. Nb6 61.
Qb3 62. Bd5 63. Rxe8+ 64. Qxe8 65. Qc2 66. cxd4 67. Rxd4 68. Bf6 69. Rb4 70. Qe1+
71. Bf1 72. Qe6 73. Qe2 74. Qxe2 75. Bxe2 76. Nd7 77. Bxa6 78. g5 79. Bc8 80.
Nf8 81. Bf5 82. Ne6 83. Rb8+ 84. Kg7 85. Bxe6 86. fxe6 87. a4 88. Bd4 89. a5 90.
Kf7 91. a6 92. Ke7 93. b4 94. e5 95. b5 96. Ba7 97. Rh8 98. Kd6 99. Rxh6+ 100.
Kc5 101. f3 102. Kxb5+ 103. Bf2 104. Bd4 105. a7 106. Bxf3 107. Rh8 108. Bxa7
109. Bxa7 110. e4 111. Be3 112. g4 113. Kf2 114. Kc4 115. Rd8 1-0

[Event "Druzynowe Mistrzostwa Polski Juniorow - Ekstraliga"]
[Site "Sypniewo k. Jastrowia"]
[Date "2024-06-17"]
[Round "7.28"]
[White "Klim, Juliusz"]
[Black "Ochedzan, Filip"]
[Result "1/2-1/2"]
[WhiteTitle "I++"]
[BlackTitle "I"]
[WhiteElo "1882"]
[BlackElo "1899"]

1. e4 2. c5 3. Nf3 4. d6 5. d4 6. cxd4 7. Nxd4 8. Nf6 9. Nc3 10. a6 11. f3 12.
e5 13. Nb3 14. Be6 15. Be3 16. h5 17. Qd2 18. Nbd7 19. O-O-O 20. Be7 21. Kb1 22.
b5 23. Nd5 24. Bxd5 25. exd5 26. Nb6 27. Bxb6 28. Qxb6 29. Na5 Rc8 30. Nc6 31.
Nxd5 32. Nxe7 33. Nxe7 34. Qxd6 35. Qxd6 36. Rxd6 37. Rc6 38. Rxc6 39. Nxc6 40.
a4 41. Na7 42. Bd3 43. Ke7 44. c3 45. Rd8 46. Kc2 47. Rd6 48. Re1 49. Kf6 50.
Re4 51. g5 52. Kd2 53. Ke6 54. axb5 55. f5 56. Ra4 57. axb5 58. Rxa7 59. e4 60.
Rh7 61. Rxd3+ 62. Ke2 63. h4 64. Rg7 65. Kf6 66. Rc7 67. exf3+ 68. gxf3 69. Rd5
70. c4 71. bxc4 72. Rxc4 73. Ke5 74. Ke3 75. Rd1 76. f4+ 77. gxf4+ 78. Rxf4 79.
Re1+ 80. Kf2 81. Rc1 82. Rxh4 83. Rc2+ 84. Kf3 85. Rxb2 86. Ra4 87. Rxh2 88. Ra5+
89. Kf6 90. Ra6+ 91. Kg5 92. Kg3 93. Rb2 94. Ra3 95. Rb8 96. Kf3 97. Rh8 98. Kg3
99. f4+ 100. Kg2 101. Kg4 102. Rb3 103. Ra8 104. Kf2 105. Ra2+ 106. Kf1 107. Rc2
108. Ra3 109. f3 110. Ra8 111. Kg3 112. Rg8+ 1/2-1/2

[Event "Druzynowe Mistrzostwa Polski Juniorow - Ekstraliga"]
[Site "Sypniewo k. Jastrowia"]
[Date "2024-06-17"]
[Round "7.29"]
[White "Starosta, Martyna"]
[Black "Sprzeczka, Emilia"]
[Result "1/2-1/2"]
[WhiteTitle "WFM"]
[BlackTitle "k+"]
[WhiteElo "2268"]
[BlackElo "2017"]

1. d4 2. Nf6 3. c4 4. g6 5. f3 6. d5 7. cxd5 8. Nxd5 9. e4 10. Nb6 11. Nc3 12.
Bg7 13. Be3 14. O-O 15. Qd2 16. e5 17. d5 18. c6 19. Bg5 20. Qd6 21. Rc1 22. a6
23. h4 24. cxd5 25. Nxd5 26. Nxd5 27. Bc4 28. Nc6 29. Bxd5 30. Nd4 31. Ne2 32.
Be6 33. Nc3 34. f6 35. Be3 36. Bxd5 37. Nxd5 38. Rac8 39. O-O 40. f5 41. Bg5 42.
Rxc1 43. Rxc1 44. Qe6 45. Rc7 46. Rf7 47. Ne7+ 48. Kh8 49. Rc8+ 50. Rf8 51. Rxf8+
52. Bxf8 53. Nd5 54. fxe4 55. fxe4 56. Bc5 57. Kh2 58. Kg8 59. Bf6 60. Bf8 61.
Qg5 62. Nc6 63. h5 64. Qf7 65. Bxe5 66. Nxe5 67. Qxe5 68. Bg7 69. Qb8+ 70. Bf8
71. hxg6 72. hxg6 73. Qd8 74. Qe6 75. Qg5 76. Bd6+ 77. g3 78. Kg7 79. Qe3 80.
Be5 81. b3 82. Qg4 83. Nf4 84. Qd1 85. Qd3 86. Qg4 87. Ne2 88. Kh7 89. Kg2 90.
Kg7 91. Ng1 92. Qg5 93. Qd7+ 94. Kh6 95. Qh3+ 96. Kg7 97. Nf3 98. Qe7 99. Nxe5
100. Qxe5 101. Qd7+ 102. Kh6 103. Qxb7 104. Qb2+ 105. Kh3 106. Qe2 107. Qe7 108.
Qf1+ 109. Kh4 110. Qh1+ 111. Kg4 112. Qd1+ 113. Kf4 114. Qd2+ 115. Kf3 116. Qd1+
117. Ke3 118. Qe1+ 119. Kf3 120. Qh1+ 121. Kf4 122. Qf1+ 123. Ke5 124. Qa1+ 125.
Ke6 126. Qxa2 127. Qf8+ 128. Kh7 129. Qf3 130. Qc2 131. e5 132. Qc8+ 133. Kf7
134. Qd7+ 135. Kf6 136. Qd8+ 137. Ke6 138. Qe8+ 139. Kd6 140. Qd8+ 141. Kc5 142.
Qc7+ 143. Kd4 144. Qb6+ 145. Kc3 146. Qc5+ 147. Kd3 148. Qb5+ 149. Kd2 150. Qxe5
151. Qf7+ 152. Kh6 153. Qf3 154. Qb2+ 155. Kd1 156. Qe5 157. Kd2 158. Qa5+ 159.
Kc1 160. Qe1+ 161. Kc2 162. Qe5 163. Kd2 164. a5 165. Kd3 166. Qb5+ 167. Kc3 168.
Qc5+ 169. Kd3 170. Qd6+ 171. Kc3 172. g5 173. Qh1+ 174. Kg7 175. Qf3 176. Qc7+
177. Kb2 178. Qb6 179. Qc3+ 180. Kg6 181. Qd3+ 182. Kh6 183. Qf3 184. Qd4+ 185.
Kc2 186. Kg6 187. Qc6+ 188. Qf6 189. Qe4+ 190. Qf5 191. Kd3 192. Kf6 193. Ke3
194. Qc5+ 195. Kf3 196. Qc3+ 197. Kg4 198. Qxb3 199. Qf5+ 200. Kg7 201. Qxg5+
202. Kf7 203. Qxa5 204. Qd1+ 205. Kh4 206. Qh1+ 207. Kg5 208. Qc1+ 209. Kf5 210.
Qf1+ 211. Ke5 212. Qe2+ 213. Kf4 214. Qf2+ 215. Kg4 216. Qe2+ 217. Kg5 218. Qe3+
219. Kh4 220. Qe4+ 221. g4 222. Qh1+ 223. Kg5 224. Qc1+ 225. Kf5 226. Qf1+ 227.
Ke4 228. Qe2+ 229. Kf4 230. Qf1+ 231. Kg3 232. Qg1+ 233. Kh4 234. Qh1+ 235. Kg5
236. Qc1+ 237. Kf5 238. Qf1+ 239. Ke4 240. Qe2+ 241. Kf4 242. Qf1+ 243. Ke3 244.
Qg1+ 245. Kf3 246. Qf1+ 247. Ke4 248. Qe2+ 249. Kf4 250. Qf1+ 251. Ke4 1/2-1/2

[Event "Druzynowe Mistrzostwa Polski Juniorow - Ekstraliga"]
[Site "Sypniewo k. Jastrowia"]
[Date "2024-06-17"]
[Round "7.30"]
[White "Izafatava, Kira"]
[Black "Smietanska, Wiktoria"]
[Result "1/2-1/2"]
[WhiteTitle "I++"]
[BlackTitle "CM"]
[WhiteElo "1761"]
[BlackElo "2133"]

1. e4 2. c5 3. Nf3 4. Nc6 5. d4 6. cxd4 7. Nxd4 8. Nf6 9. Nc3 10. d6 11. Bg5 12.
e6 13. Bb5 14. Bd7 15. Bxc6 16. bxc6 17. Qf3 18. e5 19. Nf5 20. Bxf5 21. Qxf5
22. Be7 23. O-O 24. O-O 25. Rfe1 26. h6 27. Bh4 28. Rb8 29. b3 30. Qc8 31. Qxc8
32. Rbxc8 33. Rad1 34. g5 35. Bg3 36. Nh5 37. Ne2 38. f5 39. exf5 40. Rxf5 41.
f3 42. d5 43. Bf2 44. Rf7 45. Ng3 46. Nxg3 47. Bxg3 48. Bc5+ 49. Kh1 50. Re8 51.
Rxe5 52. Rxe5 53. Bxe5 54. Re7 55. f4 56. gxf4 57. Bxf4 58. Kg7 59. g3 60. Kg6
61. c3 62. h5 63. Rd2 64. Kf5 65. Kg2 66. Re1 67. Kf3 68. Rf1+ 69. Kg2 70. Re1
71. Kf3 72. Rf1+ 73. Kg2 74. Re1 1/2-1/2

[Event "Druzynowe Mistrzostwa Polski Juniorow - Ekstraliga"]
[Site "Sypniewo k. Jastrowia"]
[Date "2024-06-17"]
[Round "8.1"]
[White "Rog, Bartlomiej"]
[Black "Fiszer, Bartosz"]
[Result "1/2-1/2"]
[WhiteTitle "k"]
[BlackTitle "CM"]
[WhiteElo "2179"]
[BlackElo "2275"]

1. e4 2. c5 3. Nc3 4. Nc6 5. Bb5 6. Nd4 7. Nf3 8. a6 9. Bd3 10. g6 11. O-O 12.
Bg7 13. Re1 14. e6 15. Nxd4 16. cxd4 17. Ne2 18. d5 19. c3 20. dxe4 21. Bxe4 22.
dxc3 23. dxc3 24. Qxd1 25. Rxd1 26. f5 27. Bc2 28. Bd7 29. Be3 30. Ne7 31. Bb3
32. O-O-O 33. Nf4 34. e5 35. Ne6 36. Bxe6 37. Bxe6+ 38. Kc7 39. Bg5 40. Rd6 41.
Rxd6 42. Kxd6 43. Bb3 44. Nc6 45. Rd1+ 46. Kc7 47. Be6 48. Nb8 49. Be7 50. Re8
51. Bd6+ 52. Kc6 53. Bxb8 54. Rxe6 55. Rd8 56. Bf6 57. Rc8+ 58. Kb6 59. Rc7 60.
Be7 61. Rd7 62. Kc6 63. Rc7+ 64. Kb6 65. Rd7 66. h5 67. b4 68. a5 69. bxa5+ 70.
Ka6 71. Kf1 72. Bf6 73. f3 74. e4 75. fxe4 76. fxe4 77. c4 78. Rc6 79. Ke2 80.
Kxa5 81. Rxb7 82. Rxc4 83. Bf4 84. Bd4 85. Bd2+ 86. Ka6 87. Rb4 88. Rxb4 89. Bxb4
90. Kb5 91. Be7 92. Kc4 1/2-1/2

[Event "Druzynowe Mistrzostwa Polski Juniorow - Ekstraliga"]
[Site "Sypniewo k. Jastrowia"]
[Date "2024-06-17"]
[Round "8.2"]
[White "Kowalski, Witold"]
[Black "Jablonski, Wojciech"]
[Result "0-1"]
[WhiteTitle "I++"]
[BlackTitle "I"]
[WhiteElo "1971"]
[BlackElo "1960"]

1. e4 2. e5 3. Nf3 4. Nc6 5. Bb5 6. a6 7. Ba4 8. Nf6 9. O-O 10. Nxe4 11. d4 12.
b5 13. Bb3 14. d5 15. dxe5 16. Be6 17. c3 18. Bc5 19. Nbd2 20. O-O 21. Bc2 22.
Nxf2 23. Rxf2 24. f6 25. exf6 26. Bxf2+ 27. Kxf2 28. Qxf6 29. Kg1 30. Rae8 31.
Nf1 32. Ne5 33. Be3 34. Nxf3+ 35. Qxf3 36. Qxf3 37. gxf3 38. Rxf3 39. Kg2 40.
Ref8 41. Bd3 42. Bh3+ 43. Kg1 44. Bxf1 45. Rxf1 46. Rxe3 47. Bxh7+ 48. Kxh7 49.
Rxf8 50. Re1+ 51. Kg2 52. Re2+ 53. Rf2 54. Rxf2+ 55. Kxf2 56. c5 57. Kf3 58. Kg6
59. Kf4 60. Kf6 61. b4 62. cxb4 63. cxb4 64. g5+ 65. Ke3 66. Ke5 67. Kd3 68. g4
69. Ke3 70. d4+ 71. Kd3 72. Kd5 73. a3 74. Ke5 75. Ke2 76. Ke4 77. Kd2 78. d3
79. Kd1 80. Kf3 81. Kd2 82. Kg2 83. a4 84. bxa4 85. b5 86. axb5 0-1

[Event "Druzynowe Mistrzostwa Polski Juniorow - Ekstraliga"]
[Site "Sypniewo k. Jastrowia"]
[Date "2024-06-17"]
[Round "8.3"]
[White "Rozanski, Mateusz"]
[Black "Niezhentsev, Kyrylo"]
[Result "0-1"]
[WhiteTitle "I+"]
[BlackTitle "I++"]
[WhiteElo "2024"]
[BlackElo "2140"]

1. e4 2. c5 3. Nc3 4. e6 5. d3 6. Nc6 7. g3 8. Nf6 9. Bg2 10. Be7 11. f4 12. d5
13. Nge2 14. O-O 15. O-O 16. Rb8 17. Qe1 18. b5 19. h3 20. b4 21. Nd1 22. dxe4
23. dxe4 24. Ba6 25. e5 26. Nd5 27. Ne3 28. Qd7 29. c3 30. f6 31. Nxd5 32. exd5
33. Qd2 34. Rbd8 35. cxb4 36. fxe5 37. fxe5 38. Rxf1+ 39. Bxf1 40. Nxe5 41. Bg2
42. d4 43. b3 44. d3 45. Nc3 46. Qd4+ 47. Kh2 48. cxb4 49. Bb2 50. bxc3 51. Bxc3
52. Qd6 53. Re1 54. Bf6 55. Bb4 56. Qd7 57. Bc3 58. Re8 59. Qf4 60. Nf3+ 61. Bxf3
62. Bxc3 63. Bd5+ 64. Kh8 65. Be6 66. d2 67. Rf1 68. Bxf1 0-1

[Event "Druzynowe Mistrzostwa Polski Juniorow - Ekstraliga"]
[Site "Sypniewo k. Jastrowia"]
[Date "2024-06-17"]
[Round "8.4"]
[White "Klim, Juliusz"]
[Black "Koch, Maciej"]
[Result "1-0"]
[WhiteTitle "I++"]
[BlackTitle "II"]
[WhiteElo "1882"]
[BlackElo "1630"]

1. e4 2. c5 3. Nf3 4. d6 5. d4 6. cxd4 7. Nxd4 8. Nf6 9. Nc3 10. a6 11. h4 12.
e5 13. Nb3 14. Be7 15. Bg5 16. Nbd7 17. a4 18. h6 19. Be3 20. b6 21. Qd3 22. Rb8
23. O-O-O 24. Nc5 25. Nxc5 26. bxc5 27. f4 28. Qb6 29. b3 30. Qb4 31. Qc4 32.
Qa3+ 33. Kb1 34. Be6 35. Nd5 36. Rb4 37. Qxb4 38. cxb4 39. Nxf6+ 40. Bxf6 41.
Bc1 42. Ke7 43. Bxa3 44. bxa3 45. f5 46. Bd7 47. Bc4 48. Rb8 49. Ka2 50. a5 51.
g3 52. Bc6 53. Bd5 54. Bd7 55. Kxa3 56. g5 57. hxg5 58. Bxg5 59. c3 60. Be3 61.
b4 62. Rc8 63. Rd3 64. axb4+ 65. cxb4 66. Bc1+ 67. Kb3 68. Bg5 69. b5 70. Rb8
71. Rc3 72. Bd2 73. Rc7 74. Ba5 75. Rc2 76. Rh8 77. g4 78. Kf6 79. Rh5 80. Kg7
81. g5 82. hxg5 83. Rxh8 1-0

[Event "Druzynowe Mistrzostwa Polski Juniorow - Ekstraliga"]
[Site "Sypniewo k. Jastrowia"]
[Date "2024-06-17"]
[Round "8.5"]
[White "Siekanska, Maria"]
[Black "Sprzeczka, Emilia"]
[Result "1/2-1/2"]
[WhiteTitle "WFM"]
[BlackTitle "k+"]
[WhiteElo "2204"]
[BlackElo "2017"]

1. d4 2. Nf6 3. c4 4. g6 5. Nc3 6. d5 7. Nf3 8. Bg7 9. h4 10. c6 11. cxd5 12. cxd5
13. Bf4 14. Nc6 15. e3 16. O-O 17. Be2 18. Bg4 19. Qb3 20. Qd7 21. Ne5 22. Nxe5
23. dxe5 24. Ne4 25. f3 26. Nxc3 27. Qxc3 28. Bf5 29. g4 30. Rac8 31. Qd4 32.
Bc2 33. Kf2 34. Ba4 35. h5 36. Rc2 37. hxg6 38. fxg6 39. Rac1 40. Rfc8 41. Rxc2
42. Rxc2 43. Rd1 44. Bb5 45. Rd2 46. Rxd2 47. Qxd2 48. Bxe2 49. Qxe2 50. Qe6 51.
Qb5 52. Bxe5 53. Bxe5 54. Qxe5 55. Qxb7 56. h5 57. f4 58. Qe4 59. gxh5 60. gxh5
61. Qxa7 62. Qc2+ 63. Kf3 64. Qd1+ 65. Kf2 66. Qc2+ 67. Kf3 68. Qe4+ 69. Kf2 70.
h4 71. Qb8+ 72. Kf7 73. Qe5 74. Qxe5 75. fxe5 76. Ke6 77. Kf3 78. Kxe5 79. a4
80. Kd6 81. Kg4 82. Kc5 83. Kxh4 84. Kb4 85. Kg4 86. e5 87. Kf5 88. d4 89. exd4
90. exd4 91. Ke4 92. Kxa4 93. Kxd4 94. Kb3 95. Ke4 96. Kxb2 1/2-1/2

[Event "Druzynowe Mistrzostwa Polski Juniorow - Ekstraliga"]
[Site "Sypniewo k. Jastrowia"]
[Date "2024-06-17"]
[Round "8.6"]
[White "Izafatava, Kira"]
[Black "Mataczyna, Aleksandra"]
[Result "1-0"]
[WhiteTitle "I++"]
[BlackTitle "I"]
[WhiteElo "1761"]
[BlackElo "1723"]

1. e4 2. e5 3. Nf3 4. d6 5. Bc4 6. Nf6 7. Nc3 8. Be7 9. d3 10. O-O 11. h3 12. Nc6
13. a3 14. Be6 15. Ba2 16. Bxa2 17. Rxa2 18. d5 19. O-O 20. Qd7 21. Bg5 22. d4
23. Ne2 24. Nh5 25. Bxe7 26. Qxe7 27. Nh2 28. Nf4 29. Nxf4 30. exf4 31. Qd2 32.
Qd6 33. Raa1 34. f5 35. f3 36. Ne7 37. Rae1 38. Rae8 39. Rf2 40. b6 41. Rfe2 42.
c5 43. exf5 44. Rxf5 45. Re6 46. Qd7 47. Qe2 48. Rf7 49. Ng4 50. Kf8 51. Qe4 52.
h5 53. Qh7 54. Rd8 55. Qxh5 56. c4 57. Rxe7 58. Rxe7 59. Ne5 60. Rxe5 61. Qxe5
62. Qf7 63. Re4 64. Kg8 65. Qxf4 66. Qd5 67. Qe5 68. Qxe5 69. Rxe5 70. cxd3 71.
cxd3 72. Rc8 73. Kf2 74. Rc1 75. f4 76. Rd1 77. Ke2 78. Rg1 79. Kf3 80. Rd1 81.
Ke4 82. Rd2 83. Kxd4 84. Rxb2 85. Kd5 86. Rb3 87. d4 88. Rxa3 89. Ke6 90. Rd3
91. d5 92. Kf8 93. Rh5 94. Kg8 95. d6 96. a5 97. d7 98. a4 99. Rd5 100. Re3+ 101.
Kd6 1-0

[Event "Druzynowe Mistrzostwa Polski Juniorow - Ekstraliga"]
[Site "Sypniewo k. Jastrowia"]
[Date "2024-06-17"]
[Round "8.7"]
[White "Chyzy, Jakub"]
[Black "Demski, Michal"]
[Result "1-0"]
[WhiteTitle "FM"]
[BlackTitle "k"]
[WhiteElo "2335"]
[BlackElo "2176"]

1. e4 2. c6 3. d4 4. d5 5. e5 6. Bf5 7. c4 8. dxc4 9. Bxc4 10. e6 11. Nc3 12. h6
13. Nge2 14. Ne7 15. O-O 16. Nd5 17. Ng3 18. Bh7 19. f4 20. Ne7 21. Be3 22. Nd7
23. f5 24. Nb6 25. Bd3 26. Nbd5 27. Qe2 28. Nxe3 29. Qxe3 30. Nd5 31. Qf3 32.
Qd7 33. fxe6 34. Qxe6 35. Nxd5 36. Qxd5 37. Qxd5 38. cxd5 39. Bb5+ 40. Ke7 41.
Rac1 42. a6 43. Rc7+ 44. Kd8 45. Rcxf7 46. Be7 47. Ba4 48. Rg8 49. Bb3 50. Ke8
51. Nh5 52. Bg6 53. Rxg7 54. Rxg7 55. Nxg7+ 56. Kd8 57. Bxd5 58. Rc8 59. Bxb7
60. Rb8 61. Bxa6 62. Rxb2 63. Rf2 64. Rb1+ 65. Rf1 66. Rb2 67. Ne6+ 68. Kd7 69.
Nf8+ 70. Bxf8 71. Rxf8 72. Be4 73. Bf1 74. Rd2 75. Rf7+ 76. Ke6 77. Bc4+ 1-0

[Event "Druzynowe Mistrzostwa Polski Juniorow - Ekstraliga"]
[Site "Sypniewo k. Jastrowia"]
[Date "2024-06-17"]
[Round "8.8"]
[White "Madej, Marek"]
[Black "Krawczyk, Flawian"]
[Result "0-1"]
[WhiteTitle "I++"]
[BlackTitle "CM"]
[WhiteElo "2152"]
[BlackElo "2311"]

1. e4 2. c5 3. Nf3 4. Nc6 5. d4 6. cxd4 7. Nxd4 8. g6 9. Nc3 10. Bg7 11. Be3 12.
Nf6 13. Bc4 14. O-O 15. Bb3 16. d6 17. f3 18. Bd7 19. Qd2 20. Na5 21. h4 22. h5
23. O-O-O 24. Nxb3+ 25. cxb3 26. Rb8 27. Kb1 28. b5 29. Bh6 30. b4 31. Bxg7 32.
Kxg7 33. Nce2 34. Qa5 35. Rdg1 36. Rh8 37. Qe3 38. Rb6 39. Nc1 40. Ra6 41. Qe2
42. e5 43. Nc2 44. d5 45. exd5 46. Nxd5 47. Qxe5+ 48. Kh7 49. Qd4 50. Rd6 51.
Qf2 52. Rc8 53. g4 54. Rf6 55. Qd2 56. Rxf3 57. Nd4 58. Bxg4 59. Nxf3 60. Bxf3
61. Rh3 62. Be4+ 63. Ka1 64. Rc2 65. Qd4 66. f5 67. Rhg3 68. Qc7 69. Qd1 70. f4
71. Rg5 72. f3 73. Nd3 74. Bxd3 75. Rxd5 76. f2 77. Rh1 78. Qg7 79. Qxc2 80. Bxc2
81. Rd2 82. Qf6 83. Rf1 84. Bf5 85. Rdxf2 86. Qxh4 0-1

[Event "Druzynowe Mistrzostwa Polski Juniorow - Ekstraliga"]
[Site "Sypniewo k. Jastrowia"]
[Date "2024-06-17"]
[Round "8.9"]
[White "Sowinski, Pawel"]
[Black "Perucki, Maciej"]
[Result "1/2-1/2"]
[WhiteTitle "FM"]
[BlackTitle "I"]
[WhiteElo "2428"]
[BlackElo "1878"]

1. d4 2. d5 3. c4 4. e6 5. Nf3 6. Nf6 7. g3 8. Bb4+ 9. Bd2 10. Be7 11. Bg2 12.
O-O 13. O-O 14. c6 15. Qc2 16. b6 17. b3 18. Ba6 19. Rd1 20. Nbd7 21. Bf4 22.
Rc8 23. Nc3 24. dxc4 25. e4 26. b5 27. bxc4 28. bxc4 29. d5 30. cxd5 31. exd5
32. exd5 33. Nxd5 34. Nxd5 35. Rxd5 36. Bb7 37. Rdd1 38. Bf6 39. Rac1 40. Bc6
41. Bd6 42. Re8 43. Qxc4 44. Nb6 45. Qd3 46. Bxf3 47. Rxc8 48. Nxc8 49. Bxf3 50.
Nxd6 51. Qxd6 52. Re1+ 53. Rxe1 54. Qxd6 55. Re8+ 56. Qf8 57. Rxf8+ 58. Kxf8 59.
Kf1 60. Ke7 61. Ke2 62. Bd4 63. Be4 64. g6 65. g4 66. h6 67. f4 68. g5 69. Kf3
70. f6 71. Bc2 72. gxf4 73. h4 74. Kf7 75. Kxf4 76. Bf2 77. h5 78. Kg7 79. Ke4
1/2-1/2

[Event "Druzynowe Mistrzostwa Polski Juniorow - Ekstraliga"]
[Site "Sypniewo k. Jastrowia"]
[Date "2024-06-17"]
[Round "8.10"]
[White "Ochedzan, Filip"]
[Black "Golis, Wiktor"]
[Result "0-1"]
[WhiteTitle "I"]
[BlackTitle "I++"]
[WhiteElo "1899"]
[BlackElo "2228"]

1. e4 2. c5 3. Nf3 4. e6 5. d4 6. cxd4 7. Nxd4 8. Nf6 9. Nc3 10. Nc6 11. Nxc6 12.
bxc6 13. e5 14. Nd5 15. Ne4 16. Qc7 17. f4 18. Qb6 19. c4 20. Bb4+ 21. Ke2 22.
f5 23. Nf2 24. Ba6 25. Kf3 26. Ne7 27. Be3 28. Bc5 29. Bxc5 30. Qxc5 31. Qd6 32.
Qb6 33. b3 34. c5 35. Rd1 36. Bb7+ 37. Ke3 38. Kf7 39. Rg1 40. h6 41. Be2 42.
Rhd8 43. Bf3 44. Bxf3 45. gxf3 46. Nc8 47. Qd2 48. d5 49. exd6 50. Nxd6 51. Qc3
52. Ne8 53. Nd3 54. a5 55. Ne5+ 56. Kg8 57. Qc2 58. a4 59. Rxd8 60. Qxd8 61. Rd1
62. Qh4 63. Qf2 64. Qf6 65. Rd7 66. axb3 67. axb3 68. g5 69. Qg3 70. Ng7 71. fxg5
72. hxg5 73. Kd3 74. Nh5 75. Qe1 76. Nf4+ 77. Kc2 78. Ra2+ 79. Kb1 80. Ra8 81.
Qg1 82. Ng6 83. f4 84. Nxf4 85. Qxc5 86. Ng6 87. Qc6 88. Rf8 89. Nxg6 90. Qxg6
91. Re7 92. f4+ 93. Kc1 94. f3 95. Rxe6 96. Qf5 97. Re1 98. f2 99. Rf1 100. Rd8
101. Qg2 102. Qf4+ 103. Kb1 104. Rd2 105. Qa8+ 106. Kg7 107. Qb7+ 108. Kg6 109.
Qc6+ 110. Kh5 111. Qe6 112. Qf3 113. Qe8+ 114. Kg4 115. Qe6+ 116. Qf5+ 117. Qxf5+
118. Kxf5 119. Kc1 120. Ra2 121. Kd1 122. Ke4 123. c5 124. Kd3 125. Kc1 126. Ra1+
127. Kb2 128. Rxf1 129. c6 130. Re1 131. c7 132. Re8 0-1